000 00567nam a2200229Ia 4500
003 OSt
005 20220924135344.0
006 a|||||r|||| 00| 0
007 ta
008 220923b |||||||| |||| 00| 0 ben d
024 _a290682
037 _cTextual
040 _aARTS
_cARTS
_bben
041 _2ben
_aben
082 _aO142,3M18,1, 157H9
100 _aTurgenev
_9210153
245 0 _aRudin
260 _c1940
650 _aRUSSIAN LITERATURE
_915056
942 _hO142,3M18,1, 157H9
_cTEXL
_2CC
999 _c440388
_d440388